000 00692nam a2200217Ia 4500
003 OSt
005 20250912175902.0
008 210423s2011 xx 000 0 und d
020 _a9780521263368
040 _cAL
041 _aEnglish
082 _a368
_bBOUI
100 _aJean- Philippe Bouchaud
_990265
245 _aTheory of financial risk and derivative pricing
_b: from statistical physics to risk management.
260 _aNew Delhi
_bCambridge University Press
_c2011
300 _axx,379
_bPB
365 _b575
_cINR
700 _aPotters, Marc
_9238615
906 _aderivative ; financial ; management. ; physics ; pricing: ; risk ; statistical ; Theory
942 _2ddc
_cBK
999 _c160096
_d160096